Tenisový klub s reštauráciou - Pri Habánskom mlyne, Bratislava

Saved in:
Bibliographic Details
Main Author: Labáthová, Katarína, 1986- (Author)
Other Authors: Vojteková, Eva, 1959- (Thesis advisor)
Format: Manuscript Book
Language:Slovak
Published: Bratislava : STU v Bratislave FA, 2010
Subjects:
Online Access:VAIS
Tags: Add Tag
No Tags, Be the first to tag this record!

MARC

LEADER 00000ntm a22000003a 4500
001 stu219105
005 20210729065824.2
008 101209s2010----xo------------------slo-d
040 |a STU  |b slo 
041 0 |a slo 
044 |a xo 
100 1 |a Labáthová, Katarína,  |d 1986-  |4 aut  |u A  |T FAD Fakulta architektúry  |X 39837  |U A  |Y 50  |7 A000039837 
242 0 0 |a tennis club Pri habanskom mlyne  |y eng 
245 1 |a Tenisový klub s reštauráciou - Pri Habánskom mlyne, Bratislava 
260 |a Bratislava :  |b STU v Bratislave FA,  |c 2010 
650 7 |a architektúra a urbanizmus  |2 stusub 
650 7 |a Architecture and Urban Design  |2 estusub 
650 7 |a riešenie  |2 stusub 
650 7 |a reštaurácia  |2 stusub 
700 1 |a Vojteková, Eva,  |d 1959-  |4 ths  |u A4140  |U FAD Fakulta architektúry  |U FAD Fakulta architektúry  |T FA Ústav konštrukcií v architektúre a inžinierskych stavieb  |X 333  |U A4140  |Y 395  |7 A000000333 
856 4 |a info a plný text  |u http://is.stuba.sk/zp/portal_zp.pl?podrobnosti=4053  |u https://opac.crzp.sk/?fn=detailBiblioForm&sid=4156E77560192824B5601C96D6BB  |3 VAIS